Movies Quiz

Random Movies Quiz

AFIs 100 thrills #s 100-80 (slideshow) Quiz Stats

 Plays Quiz not verified by Sporcle

Score 0/20 Timer 05:00
0 Plays Today
% Correct
Speed
92%
12 Angry Men
87.1%
Full Metal Jacket
86.3%
Dracula
85.1%
Braveheart
78.3%
Night of the Living Dead
75.1%
Blue Velvet
72.9%
The Omen
72.9%
The Poseidon Adventure
62.9%
The Day the Earth Stood Still
61.7%
% Correct
The Adventures of Robin Hood
58.3%
The China Syndrome
46.3%
The Picture of Dorian Gray
40%
Body Heat
35.1%
The Phantom of the Opera
34.6%
The Guns of Navarone
33.7%
Safety Last
25.1%
Poltergeist
22.3%
Blood Simple
19.4%
The Thing From Another World
9.7%

You're not logged in!

Compare scores with friends on all Sporcle quizzes.
OR
Log In

Sporcle TV

Today on Sporcle TV


Watch our educational content, quiz creation guides, and fun videos on Sporcle TV.

Show Comments

Extras

Created Feb 1, 2015ReportNominate
Tags:afi, AFI 100, AFI List, horror, thrill

Top Quizzes Today


Score Distribution

Your Account Isn't Verified!

In order to create a playlist on Sporcle, you need to verify the email address you used during registration. Go to your Sporcle Settings to finish the process.

Report this User

Report this user for behavior that violates our Community Guidelines.

Details: